Árboles y semillas : para la región cafetera del norte de los Andes /

Detalles Bibliográficos
Otros Autores: Villalba Malaver, Juan Carlos (Editor)
Formato: Electrónico eBook
Lenguaje:español
Publicado: Popayán, Colombia : Editorial Universidad del Cauca, 2022.
Edición:Primera edición en español.
Materias:
Acceso en línea:Digitalia Hispánica

MARC

LEADER 00000nam a2200000Ii 4500
001 DIGUCAUCA0159
003 NyNyDIG
006 m o d
007 cr |||||||||||
008 250611s2022 ck a ob 001 0 spa d
035 |a (OCoLC)1517037629 
040 |a DGITA  |b eng  |e rda  |e pn  |c DGITA 
020 |a 9789587325164  |q digital 
020 |z 9789587325171  |q impreso 
043 |a s-ck--- 
050 1 4 |a S494.5.A45 ebook 
245 0 0 |a Árboles y semillas :  |b para la región cafetera del norte de los Andes /  |c compilador, Juan Carlos Villalba Malaver. 
250 |a Primera edición en español. 
264 1 |a Popayán, Colombia :  |b Editorial Universidad del Cauca,  |c 2022. 
300 |a 1 online resource :  |b illustrations. 
336 |a text  |b txt  |2 rdacontent 
337 |a computer  |b c  |2 rdamedia 
338 |a online resource  |b cr  |2 rdacarrier 
347 |a text file  |2 rdaft  
347 |b PDF 
504 |a Includes bibliographical references and index. 
588 0 |a Online resource; title from PDF title page (Digitalia, viewed June 11, 2025) 
650 0 |a Agroforestry  |z Colombia. 
651 0 |a Eje Cafetero (Colombia) 
700 1 |a Villalba Malaver, Juan Carlos,  |e editor. 
776 0 8 |i Print version:  |t Árboles y semillas.  |b Primera edición en español.  |d Popayán, Colombia : Editorial Universidad del Cauca, 2022  |z 9789587325171 
791 2 |a Digitalia (Firm),  |e distributor. 
793 0 |g Digitalia eBook Collection:  |a Editorial Universidad del Cauca 
856 4 0 |3 Digitalia Hispánica  |u https://www.digitaliapublishing.com/a/173783/ 
910 |a Premium collection: 2025